Estudio de las condiciones carcelarias en Chile: diagnóstico del cumplimiento de los estándares internacionales de derechos Humanos
Kaydedildi:
| Müşterek Yazar: | |
|---|---|
| Materyal Türü: | Kitap |
| Dil: | İspanyolca |
| Baskı/Yayın Bilgisi: |
Santiago
Instituto Nacional de Derechos Humanos
2013
|
| Edisyon: | 1a. ed |
| Konular: | |
| Etiketler: |
Etiketle
Etiket eklenmemiş, İlk siz ekleyin!
|
MARC
| LEADER | 00000cam a2200000 a 4500 | ||
|---|---|---|---|
| 001 | UCE2340 | ||
| 003 | CL-VaPUC | ||
| 008 | 140626e20131100cl |||||||||||||||||spa|d | ||
| 020 | |a 9789569025471 | ||
| 082 | 0 | 4 | |a 365.34 |b INS |2 21 |
| 110 | 2 | |a Instituto Nacional de Derechos Humanos |e author |9 574802 | |
| 245 | 1 | 0 | |a Estudio de las condiciones carcelarias en Chile: diagnóstico del cumplimiento de los estándares internacionales de derechos Humanos |
| 250 | |a 1a. ed | ||
| 300 | |a 198 p | ||
| 942 | |c BK | ||
| 945 | |d 20140626 14:24:00 |a dcastane | ||
| 260 | |a Santiago |b Instituto Nacional de Derechos Humanos |c 2013 | ||
| 500 | |a Incluye CD | ||
| 650 | 0 | |a Cárceles |9 372952 | |
| 650 | 0 | |a Rehabilitación |9 307382 | |
| 650 | 0 | |a Prisiones |9 255309 | |
| 650 | 7 | |a RECLUSOS |2 CL-VaPUC |9 525091 | |
| 650 | 0 | |a Derechos humanos |9 223025 | |
| 583 | |a last modification |c 20140626 14:24:00 |k Rodrigo Vera | ||
| 999 | |c 355970 |d 355968 | ||
| 952 | |0 0 |1 0 |3 erb |4 0 |6 365_340000000000000_INS_2013 |7 0 |8 A |9 462999 |a BIBDER |b BIBDER |i 5085543 |l 3 |o 365.34 INS 2013 |p 5085543 |r 2024-01-02 |s 2024-01-02 |w 2019-11-23 |y BK |z Catalogado en:20140626 |k DER | ||